| 000 | 00798nam a2200217 i 4500 | ||
|---|---|---|---|
| 001 | 129247 | ||
| 003 | ES-MaACL | ||
| 005 | 20251113183512.0 | ||
| 007 | t| | ||
| 008 | 070611s1972 sp ||||1| spa d | ||
| 111 | 2 |
_aJornadas Universitarias de Estudios Tradicionalistas ( _n1ª. _d1971. _cMadrid) _9161887 |
|
| 245 | 1 | 0 | _aActas de las "Primeras Jornadas Universitarias de Estudios Tradicionalistas". |
| 260 |
_aMadrid : _bEscelicer, _c1972. |
||
| 300 |
_a194 p. ; _c19 cm. |
||
| 500 | _aPrecede al tít.: Centro E.H.P. " General Zumalacarregui" | ||
| 650 | 0 | 4 |
_aCarlismo. _910781 |
| 700 | 1 |
_aPuy Muñoz, Francisco, _d1936- _994445 |
|
| 710 | 2 |
_aCentro de Estudios Históricos y Políticos "General Zumalacárregui" _92650 |
|
| 852 |
_aES-MaACL _jC-50722 _bR.83497 |
||
| 999 |
_c129247 _d129247 |
||